[Event "GRE-chT Online Rapid (Women) 1st"]
[Site "Tornelo INT"]
[Date "2021.02.21"]
[Round "8.7"]
[White "Christodoulou, Georgia"]
[Black "Dalli, Eleni"]
[Result "1-0"]
[WhiteElo "1373"]
[BlackElo "1588"]
[PlyCount "115"]
[EventDate "2021.02.20"]
[EventType "team-swiss (rapid)"]
[EventRounds "9"]
[EventCountry "GRE"]
[SourceTitle "EXT 2023"]
[Source "ChessBase"]
[SourceDate "2022.10.05"]
[SourceVersion "1"]
[SourceVersionDate "2022.10.05"]
[SourceQuality "1"]

1. e4 e5 2. Nf3 Nc6 3. Bb5 a6 4. Ba4 Nf6 5. d3 b5 6. Bb3 Be7 7. 0-0 d6 8. c3 Na5 9. Bc2 c5 10. Nbd2 0-0 11. Re1 Nc6 12. Nf1 Re8 13. Ng3 h6 14. Be3 Bf8 15. h3 Bd7 16. d4 exd4 17. cxd4 cxd4 18. Nxd4 d5 19. Nxc6 Bxc6 20. exd5 Nxd5 21. Be4 Qd6 22. Rc1 Rad8 23. Bc5 Qf6 24. Qc2 Bxc5 25. Qxc5 Ba8 26. Bxd5 Rxe1+ 27. Rxe1 Bxd5 28. b3 Be6 29. Qc2 Qd4 30. Rc1 Qf4 31. Rd1 Rc8 32. Qd2 Qxd2 33. Rxd2 Rc1+ 34. Kh2 a5 35. Ne2 Rc5 36. Kg1 Kf8 37. f3 Ke7 38. Kf2 g5 39. Nd4 Bd7 40. Ke3 Rc3+ 41. Ke4 Rc5 42. Rc2 f5+ 43. Kd3 Rxc2 44. Kxc2 Kd6 45. Kc3 Ke5 46. g3 h5 47. Kd3 a4 48. f4+ gxf4 49. Nf3+ Kd5 50. gxf4 axb3 51. axb3 Kc5 52. Kc3 Bc6 53. Ne5 Be4 54. Nd7+ Kd6 55. Nf6 Bf3 56. Kd4 h4 57. Nh7 Bg2 58. Ng5 1-0

[Event "Ambelokipi op 167th"]
[Site "Athens"]
[Date "2018.01.10"]
[Round "1"]
[White "Dalli, Eleni"]
[Black "Krallis, Christos"]
[Result "0-1"]
[WhiteElo "1523"]
[BlackElo "2177"]
[PlyCount "64"]
[EventDate "2018.01.10"]
[EventType "swiss"]
[EventRounds "7"]
[EventCountry "GRE"]
[SourceTitle "EXT 2019"]
[Source "ChessBase"]
[SourceDate "2018.10.10"]
[SourceVersion "1"]
[SourceVersionDate "2018.10.10"]
[SourceQuality "1"]

1. e4 e5 2. Nf3 Nc6 3. d4 exd4 4. Nxd4 Qf6 5. Nb3 Qg6 6. Qe2 d6 7. Nc3 Nf6 8. f3 Be7 9. Be3 0-0 10. 0-0-0 a5 11. g4 a4 12. Nd2 a3 13. b3 Nxg4 14. Nd5 Nxe3 15. Qxe3 Be6 16. Rg1 Qh5 17. Bc4 Bxd5 18. exd5 Qe5 19. Qxe5 Nxe5 20. Rde1 Rfe8 21. Bb5 c6 22. dxc6 Nxc6 23. Rg4 d5 24. Ra4 Bf6 25. Rxa8 Rxa8 26. c4 Nd4 27. Re8+ Rxe8 28. Bxe8 dxc4 29. Nxc4 Nxb3+ 30. Kd1 Kf8 31. Nd6 Ke7 32. Bxf7 Nd4 0-1

[Event "GRE-chT 43rd"]
[Site "Porto Rio"]
[Date "2015.10.12"]
[Round "7.2"]
[White "Dalli, Eleni"]
[Black "Serefidou, Despina"]
[Result "0-1"]
[WhiteElo "1559"]
[BlackElo "1943"]
[PlyCount "62"]
[EventDate "2015.10.08"]
[EventType "team-swiss"]
[EventRounds "7"]
[EventCountry "GRE"]
[SourceTitle "CBM 168 Extra"]
[Source "ChessBase"]
[SourceDate "2015.10.29"]
[SourceVersion "1"]
[SourceVersionDate "2015.10.29"]
[SourceQuality "1"]
[WhiteTeam "Korinthias Argonaftis"]
[BlackTeam "Kavalas"]
[WhiteTeamCountry "GRE"]
[BlackTeamCountry "GRE"]

1. e4 c5 2. Nc3 d6 3. f4 Nc6 4. Nf3 g6 5. Bb5 Bg7 6. Bxc6+ bxc6 7. d3 e6 8. 0-0 Ne7 9. Qe1 0-0 10. Nh4 f5 11. Rf3 Rb8 12. Rh3 Qd7 13. b3 Qc7 14. Bd2 e5 15. fxe5 Bxe5 16. Bh6 Bg7 17. Bxg7 Kxg7 18. Nf3 fxe4 19. Rxh7+ Kxh7 20. Qh4+ Kg7 21. Nxe4 Nf5 22. Qg5 Qd8 23. Qd2 Be6 24. Qc3+ Kg8 25. Nfg5 Bd5 26. Rf1 Bxe4 27. Ne6 Qf6 28. Qxf6 Rxf6 29. dxe4 Rxe6 30. exf5 gxf5 31. Rxf5 Rf8 0-1

[Event "GRE-chT 43rd"]
[Site "Porto Rio"]
[Date "2015.10.10"]
[Round "5.5"]
[White "Agnanti, Danai Kalliopi"]
[Black "Dalli, Eleni"]
[Result "1-0"]
[WhiteElo "1689"]
[BlackElo "1559"]
[PlyCount "85"]
[EventDate "2015.10.08"]
[EventType "team-swiss"]
[EventRounds "7"]
[EventCountry "GRE"]
[SourceTitle "CBM 168 Extra"]
[Source "ChessBase"]
[SourceDate "2015.10.29"]
[SourceVersion "1"]
[SourceVersionDate "2015.10.29"]
[SourceQuality "1"]
[WhiteTeam "Chania Kaissa"]
[BlackTeam "Korinthias Argonaftis"]
[WhiteTeamCountry "GRE"]
[BlackTeamCountry "GRE"]

1. e4 e5 2. Nf3 Nc6 3. d4 exd4 4. Nxd4 Bc5 5. Be3 Qf6 6. c3 Nge7 7. Bc4 0-0 8. 0-0 b6 9. f4 d5 10. exd5 Na5 11. Be2 Nxd5 12. Bf2 Nb7 13. Bf3 Rd8 14. Nd2 Nxf4 15. Qc2 Ne6 16. Nxe6 Bxf2+ 17. Rxf2 Qxe6 18. Re2 Qd7 19. Rae1 Rf8 20. Re7 Qd6 21. Re8 Rb8 22. Ne4 Qg6 23. Qa4 Be6 24. Rxb8 Rxb8 25. Qxa7 Re8 26. Qxb7 Bd7 27. Qxc7 Bc6 28. Qxb6 f5 29. Nf6+ Qxf6 30. Rxe8+ Bxe8 31. Qxf6 gxf6 32. c4 Kf8 33. Kf2 Ke7 34. Ke3 Kd6 35. Kd4 h6 36. b4 Bf7 37. a4 Be8 38. a5 Kc7 39. Kc5 Bd7 40. b5 Bc8 41. a6 Kb8 42. Kb6 Bb7 43. Bxb7 1-0

[Event "GRE-chT 43rd"]
[Site "Porto Rio"]
[Date "2015.10.08"]
[Round "2.7"]
[White "Dalli, Eleni"]
[Black "Grafakou, Sotiria Aphrodite"]
[Result "1/2-1/2"]
[WhiteElo "1559"]
[BlackElo "1588"]
[PlyCount "141"]
[EventDate "2015.10.08"]
[EventType "team-swiss"]
[EventRounds "7"]
[EventCountry "GRE"]
[SourceTitle "CBM 168 Extra"]
[Source "ChessBase"]
[SourceDate "2015.10.29"]
[SourceVersion "1"]
[SourceVersionDate "2015.10.29"]
[SourceQuality "1"]
[WhiteTeam "Korinthias Argonaftis"]
[BlackTeam "Von Heraklion Contact"]
[WhiteTeamCountry "GRE"]
[BlackTeamCountry "GRE"]

1. e4 c5 2. Nc3 Nc6 3. Bb5 Nd4 4. Bc4 e6 5. Nge2 Nc6 6. Bb5 Nge7 7. d4 cxd4 8. Nxd4 a6 9. Be2 Qb6 10. Nb3 Qc7 11. Be3 Ng6 12. Qd2 Bb4 13. a3 Bd6 14. g3 Be7 15. f4 d6 16. f5 exf5 17. exf5 Bxf5 18. Nd5 Qb8 19. Nb6 Ra7 20. 0-0-0 0-0 21. h4 Bd8 22. Nc4 b6 23. Qxd6 Qxd6 24. Rxd6 Be4 25. Rhd1 Bc7 26. Rd7 Bxg3 27. Nxb6 Rxd7 28. Rxd7 Nxh4 29. Bxa6 Nf3 30. Bb7 Nfe5 31. Rd1 h5 32. Nc5 Bf3 33. Rf1 Be2 34. Rg1 h4 35. Ne4 Rd8 36. Nxg3 hxg3 37. Bxc6 Nxc6 38. Bd2 Nd4 39. Rxg3 Nf3 40. Nc4 Rd4 41. b3 Nxd2 42. Nxd2 f5 43. a4 f4 44. Rh3 g5 45. c3 Rd6 46. c4 g4 47. Rh1 f3 48. Ne4 Re6 49. Ng3 Re3 50. Nf5 Rxb3 51. Nh6+ Kg7 52. Nxg4 Bxc4 53. Rh2 Ra3 54. Rb2 Rxa4 55. Kd2 Be2 56. Nf2 Kg6 57. Ke3 Kg5 58. Rb1 Ra3+ 59. Ke4 Ra4+ 60. Ke3 Kf5 61. Rb3 Ra6 62. Nh3 Re6+ 63. Kf2 Rh6 64. Kg3 Rg6+ 65. Kf2 Rg2+ 66. Ke3 Kg4 67. Nf2+ Kg3 68. Ne4+ Kg4 69. Nf2+ Kg3 70. Ne4+ Kg4 71. Kd4 1/2-1/2

[Event "Petroupoli-ch"]
[Site "Petropouli"]
[Date "2014.02.08"]
[Round "3"]
[White "Dalli, Eleni"]
[Black "Giannopoulos, Antonios"]
[Result "0-1"]
[WhiteElo "1521"]
[BlackElo "1840"]
[PlyCount "114"]
[EventDate "2014.01.25"]
[EventType "swiss"]
[EventRounds "7"]
[EventCountry "GRE"]
[SourceTitle "EXT 2015"]
[Source "ChessBase"]
[SourceDate "2014.11.20"]
[SourceVersion "1"]
[SourceVersionDate "2014.11.20"]
[SourceQuality "1"]

1. e4 e5 2. Nf3 Nc6 3. Nc3 Nf6 4. d4 exd4 5. Nxd4 Bb4 6. Nxc6 bxc6 7. Bd3 d5 8. exd5 cxd5 9. 0-0 0-0 10. Bg5 c6 11. Qf3 Be7 12. h3 Rb8 13. b3 Be6 14. Ne2 h6 15. Bf4 Bd6 16. Rfe1 Re8 17. Nd4 Bxf4 18. Qxf4 Qc7 19. Nf5 Bxf5 20. Bxf5 Qd8 21. Re5 Qa5 22. c4 Qc3 23. Rxe8+ Rxe8 24. Rc1 Qb2 25. cxd5 cxd5 26. Rc2 Qa3 27. Kh2 Qa6 28. Qc7 Qa3 29. Bd3 g6 30. Qc5 Qxc5 31. Rxc5 Re7 32. b4 Rd7 33. f3 Kf8 34. a4 Ke7 35. Kg3 Kd6 36. Bb5 Rc7 37. Rxc7 Kxc7 38. Kf4 Kd6 39. Ke3 g5 40. Kd4 Ng8 41. Be8 f6 42. a5 Ne7 43. b5 Nf5+ 44. Kd3 Nh4 45. a6 Kc5 46. Bc6 Nxg2 47. Kc3 Nf4 48. Bd7 d4+ 49. Kd2 h5 50. Kc2 Ng6 51. Bf5 Ne5 52. Bd3 Nxf3 53. Be2 g4 54. Kd3 Ne5+ 55. Ke4 g3 56. Bf1 d3 57. Ke3 Kxb5 0-1

[Event "GRE-ch U18 Girls"]
[Site "Thessaloniki"]
[Date "2014.01.04"]
[Round "3"]
[White "Poulopoulou, Ekaterini"]
[Black "Dalli, Eleni"]
[Result "1-0"]
[WhiteElo "1567"]
[BlackElo "1521"]
[PlyCount "111"]
[EventDate "2014.01.02"]
[EventType "swiss"]
[EventRounds "7"]
[EventCountry "GRE"]
[SourceTitle "EXT 2017"]
[Source "ChessBase"]
[SourceDate "2016.10.25"]
[SourceVersion "1"]
[SourceVersionDate "2016.10.25"]
[SourceQuality "1"]

1. d4 d5 2. c4 e6 3. Nf3 Nf6 4. g3 Nbd7 5. Qc2 c6 6. Bg2 Be7 7. 0-0 0-0 8. Nbd2 b6 9. e4 dxe4 10. Nxe4 Bb7 11. Bf4 Nxe4 12. Qxe4 Nf6 13. Qe2 Bd6 14. Ne5 Rc8 15. Rfd1 Qe7 16. Nd3 Rfd8 17. Bxd6 Rxd6 18. Ne5 Rcd8 19. c5 Rxd4 20. cxb6 Rxd1+ 21. Rxd1 Nd5 22. bxa7 Ra8 23. Nxc6 Bxc6 24. Bxd5 Bxd5 25. Rxd5 Qxa7 26. Rd3 Qxa2 27. Qd1 Qa5 28. Ra3 Qd8 29. Rxa8 Qxa8 30. b4 Qb8 31. b5 g6 32. Qb1 Kf8 33. b6 Qb7 34. Qb4+ Ke8 35. Qa4+ Kd8 36. Qd4+ Ke7 37. Qc5+ Ke8 38. Qb5+ Kd8 39. Qc5 Ke8 40. Qb5+ Kd8 41. h4 h5 42. Qc5 Ke8 43. Qd4 Ke7 44. Kh2 Ke8 45. Qd6 Qd7 46. Qb8+ Qd8 47. Qa7 Qd4 48. Qa8+ Ke7 49. Qb7+ Ke8 50. Kg2 Qd7 51. Qa8+ Ke7 52. b7 Qd5+ 53. Kh2 Qd4 54. b8Q Qxf2+ 55. Qg2 Qxg2+ 56. Kxg2 1-0

[Event "GRE-ch U18 Girls"]
[Site "Thessaloniki"]
[Date "2014.01.03"]
[Round "2"]
[White "Kafetzi, Angeliki"]
[Black "Dalli, Eleni"]
[Result "1-0"]
[WhiteElo "1766"]
[BlackElo "1521"]
[PlyCount "119"]
[EventDate "2014.01.02"]
[EventType "swiss"]
[EventRounds "7"]
[EventCountry "GRE"]
[SourceTitle "EXT 2017"]
[Source "ChessBase"]
[SourceDate "2016.10.25"]
[SourceVersion "1"]
[SourceVersionDate "2016.10.25"]
[SourceQuality "1"]

1. e4 e5 2. Nf3 Nc6 3. Nc3 Nf6 4. d4 exd4 5. Nxd4 Bb4 6. Nxc6 bxc6 7. Bd3 d5 8. exd5 cxd5 9. 0-0 0-0 10. Qf3 c6 11. Bf4 Bd6 12. h3 Qc7 13. Ne2 Re8 14. b3 a5 15. a4 Ba6 16. Bxa6 Rxa6 17. Bxd6 Qxd6 18. Rad1 c5 19. Nc3 d4 20. Nb5 Qc6 21. Qxc6 Rxc6 22. Rfe1 Rxe1+ 23. Rxe1 Re6 24. Rxe6 fxe6 25. Nd6 Nd5 26. Nb7 Nb4 27. Nxc5 Kf7 28. Kf1 Nxc2 29. Nb7 e5 30. Nxa5 Ke6 31. Ke2 Kd5 32. Nc4 Nb4 33. f3 h5 34. Nb2 h4 35. Nd3 Nc6 36. b4 g5 37. a5 Na7 38. a6 Nb5 39. Kd2 Na7 40. Nb2 e4 41. fxe4+ Kxe4 42. Nd3 Nb5 43. Nc5+ Kd5 44. Kd3 Ke5 45. Nb3 Kf4 46. Nxd4 Nc7 47. a7 Kg3 48. Ne6 Na8 49. Nxg5 Kxg2 50. b5 Kg3 51. Ke3 Nb6 52. Ke4 Na8 53. Ne6 Kxh3 54. Kf3 Kh2 55. Kg4 h3 56. Nf4 Nb6 57. Nxh3 Na8 58. Nf4 Nb6 59. Nd5 Na8 60. b6 1-0

[Event "Petroupoli ASOP Dias Seniors op"]
[Site "Petroupoli"]
[Date "2013.10.26"]
[Round "5.7"]
[White "Dalli, Eleni"]
[Black "Bardis, Harilaos Panagiotis"]
[Result "1-0"]
[WhiteElo "1519"]
[BlackElo "1358"]
[PlyCount "127"]
[EventDate "2013.09.28"]
[EventType "swiss"]
[EventRounds "7"]
[EventCountry "GRE"]
[SourceTitle "EXT 2024"]
[Source "ChessBase"]
[SourceDate "2023.10.10"]
[SourceVersion "1"]
[SourceVersionDate "2023.10.10"]
[SourceQuality "1"]

1. Nf3 d5 2. d4 Nc6 3. c4 Bg4 4. Nbd2 e6 5. g3 Bb4 6. e3 Qf6 7. Be2 dxc4 8. 0-0 Bh3 9. Re1 c3 10. Ne4 Qg6 11. Nxc3 Nge7 12. a3 Bxc3 13. bxc3 Nd5 14. Qb3 Nb6 15. a4 a5 16. Ba3 Qe4 17. Nh4 Bg4 18. Bxg4 Qxg4 19. Qb5 g5 20. h3 Qh5 21. e4 Rb8 22. Ng2 Nd7 23. Nf4 Qh6 24. Nd5 Kd8 25. Ne3 Re8 26. Ng4 Qg7 27. Rad1 h5 28. Ne3 Qg6 29. Nc4 Qf6 30. Nxa5 h4 31. Nxb7+ Kc8 32. Rb1 hxg3 33. fxg3 Qf3 34. Rb2 Qxg3+ 35. Kf1 Qf3+ 36. Rf2 Qh1+ 37. Ke2 Qxe4+ 38. Kd1 Rxb7 39. Rxe4 Rxb5 40. axb5 Na7 41. Rxf7 Nxb5 42. Bb4 c5 43. dxc5 Nxc5 44. Rc4 Rd8+ 45. Kc1 Nd6 46. Rxc5+ Kb8 47. Rg7 Ne4 48. Rb5+ Kc8 49. Rbb7 Rd5 50. Rbe7 Nf2 51. Rg8+ Rd8 52. Rxd8+ Kxd8 53. Rxe6 Nxh3 54. Rg6 Kd7 55. Bd6 Nf2 56. Bb4 g4 57. Kd2 g3 58. Ke3 Nh1 59. Kf3 Kc7 60. Bc5 Kd7 61. Kg2 Nf2 62. Bxf2 gxf2 63. Kxf2 Ke7 64. Ke3 1-0

[Event "Rethymno op 5th"]
[Site "Rethymno"]
[Date "2013.08.03"]
[Round "8"]
[White "Kokolias, Konstantinos"]
[Black "Dalli, Eleni"]
[Result "1-0"]
[WhiteElo "2135"]
[BlackElo "1472"]
[PlyCount "39"]
[EventDate "2013.07.28"]
[EventType "swiss"]
[EventRounds "9"]
[EventCountry "GRE"]
[SourceTitle "CBM 155 Extra"]
[Source "ChessBase"]
[SourceDate "2013.08.26"]
[SourceVersion "1"]
[SourceVersionDate "2013.08.26"]
[SourceQuality "1"]

1. e4 e5 2. Nf3 Nc6 3. Bb5 a6 4. Ba4 Nf6 5. 0-0 b5 6. Bb3 Bb7 7. c3 Nxe4 8. d4 exd4 9. Re1 d5 10. Ng5 Be7 11. Nxf7 Kxf7 12. Qh5+ Kf8 13. Rxe4 Na5 14. Rf4+ Bf6 15. Bc2 Qe7 16. Nd2 Qe1+ 17. Nf1 Qxc3 18. Rxf6+ Ke7 19. Rf7+ Ke8 20. Rxg7+ 1-0

[Event "GRE-ch U16 Girls"]
[Site "Patras"]
[Date "2013.07.08"]
[Round "1.3"]
[White "Dalli, Eleni"]
[Black "Kafetzi, Angeliki"]
[Result "1-0"]
[WhiteElo "1472"]
[BlackElo "1714"]
[PlyCount "66"]
[EventDate "2013.07.08"]
[EventType "swiss"]
[EventRounds "9"]
[EventCountry "GRE"]
[SourceTitle "EXT 2024"]
[Source "ChessBase"]
[SourceDate "2023.10.10"]
[SourceVersion "1"]
[SourceVersionDate "2023.10.10"]
[SourceQuality "1"]

1. e4 c5 2. Nc3 d6 3. f4 g6 4. Nf3 Bg7 5. Bc4 e6 6. 0-0 Nc6 7. d3 a6 8. Qe1 b5 9. Bb3 Nf6 10. a3 0-0 11. e5 dxe5 12. fxe5 Nd7 13. Bg5 Qc7 14. Ne4 Ncxe5 15. Qh4 c4 16. dxc4 f5 17. Be7 Rf7 18. Nd6 Bf6 19. Bxf6 Qxd6 20. Nxe5 Nxe5 21. cxb5 Ng4 22. Bc3 axb5 23. Bb4 Qd4+ 24. Kh1 Qxb2 25. Qd8+ Kg7 26. Bxe6 Qe5 27. Bc3 Qxc3 28. Bxf7 Kxf7 29. Qd5+ Be6 30. Qxa8 Qe5 31. Qa7+ Kf6 32. Qxh7 Bc4 33. Qh8+ Kg5 1-0

[Event "Petroupoli ASOP Dias Seniors op"]
[Site "Petroupoli"]
[Date "2012.11.10"]
[Round "2.1"]
[White "Dalli, Eleni"]
[Black "Mihotas, Petros"]
[Result "0-1"]
[WhiteElo "1470"]
[BlackElo "1835"]
[PlyCount "130"]
[EventDate "2012.11.03"]
[EventType "swiss"]
[EventRounds "7"]
[EventCountry "GRE"]
[SourceTitle "EXT 2024"]
[Source "ChessBase"]
[SourceDate "2023.10.10"]
[SourceVersion "1"]
[SourceVersionDate "2023.10.10"]
[SourceQuality "1"]

1. e4 d5 2. exd5 Qxd5 3. Nc3 Qd6 4. Bc4 Nf6 5. d3 a6 6. Nge2 Nc6 7. a3 e5 8. 0-0 Be6 9. Bxe6 Qxe6 10. Re1 Bc5 11. Be3 Bxe3 12. fxe3 0-0-0 13. b4 e4 14. d4 Ne5 15. Ng3 Nc4 16. Qe2 Nd6 17. a4 h5 18. a5 h4 19. Nf1 h3 20. g3 Qc4 21. Qxc4 Nxc4 22. Na4 Ng4 23. Nc5 Rhe8 24. Nb3 Rd6 25. Nfd2 Rc6 26. Ra2 Nxd2 27. Nxd2 Rc3 28. Nf1 Re6 29. Rb2 g6 30. Re2 c6 31. Rb3 Rxb3 32. cxb3 Rd6 33. Nd2 f5 34. Nc4 Rd8 35. Kf1 Kc7 36. Ke1 Rd5 37. Na3 Kd7 38. Nc2 Rb5 39. Rd2 Ke6 40. Kf1 Nf6 41. Kf2 Nd5 42. Ke2 Nxb4 43. Nxb4 Rxb4 44. Rb2 Kd5 45. Kd2 Rb5 46. b4 Kc4 47. Ke2 Rxb4 48. Rc2+ Kd5 49. Rc5+ Kd6 50. Rc2 Ra4 51. Kf2 Rxa5 52. g4 fxg4 53. Kg3 Ra3 54. Re2 b5 55. Kxg4 b4 56. Kf4 b3 57. Rb2 Kd5 58. Rb1 a5 59. Kg5 a4 60. Kf6 Ra2 61. Rc1 Rc2 62. Rg1 b2 63. Rg5+ Kd6 64. Re5 Rf2+ 65. Kxg6 b1Q 0-1

[Event "Petroupoli op 5th"]
[Site "Petroupoli"]
[Date "2012.09.15"]
[Round "3"]
[White "Dalli, Eleni"]
[Black "Spartinos, Pantelis"]
[Result "1/2-1/2"]
[WhiteElo "1464"]
[BlackElo "1696"]
[PlyCount "97"]
[EventDate "2012.09.08"]
[EventType "swiss"]
[EventRounds "7"]
[EventCountry "GRE"]
[SourceTitle "CBM 150 Extra"]
[Source "ChessBase"]
[SourceDate "2012.10.19"]
[SourceVersion "1"]
[SourceVersionDate "2012.10.19"]
[SourceQuality "1"]

1. d4 Nf6 2. Bf4 e6 3. Nf3 d5 4. e3 Be7 5. Bd3 Nbd7 6. Nbd2 Nh5 7. Bg3 Nxg3 8. hxg3 h6 9. Ne5 Nxe5 10. dxe5 c5 11. c3 c4 12. Bc2 Qc7 13. f4 Qb6 14. Ba4+ Kf8 15. Kf2 Qxb2 16. Qc2 Qxc2 17. Bxc2 Bc5 18. Rhd1 Ke7 19. Rab1 b6 20. Kf3 Bb7 21. e4 Rhd8 22. Ke2 Bc6 23. exd5 Bxd5 24. Ne4 Ba3 25. g4 Rab8 26. g3 b5 27. f5 f6 28. exf6+ gxf6 29. Rh1 Rg8 30. Rxh6 Bxe4 31. Bxe4 Rxg4 32. Kf3 Rbg8 33. Rh3 Bd6 34. Rxb5 exf5 35. Bxf5 Rxg3+ 36. Rxg3 Rxg3+ 37. Ke2 Rxc3 38. Rb7+ Kf8 39. Rxa7 Be5 40. a4 Ra3 41. a5 Bd4 42. Ra6 Ke7 43. Bg6 Ra2+ 44. Kd1 c3 45. Ra8 Be3 46. Re8+ Kd6 47. Rxe3 Rxa5 48. Rxc3 Rd5+ 49. Rd3 1/2-1/2

[Event "Petroupoli op 5th"]
[Site "Petroupoli"]
[Date "2012.09.12"]
[Round "2"]
[White "Zaharias, Aggelos"]
[Black "Dalli, Eleni"]
[Result "0-1"]
[WhiteElo "1254"]
[BlackElo "1464"]
[PlyCount "60"]
[EventDate "2012.09.08"]
[EventType "swiss"]
[EventRounds "7"]
[EventCountry "GRE"]
[SourceTitle "CBM 150 Extra"]
[Source "ChessBase"]
[SourceDate "2012.10.19"]
[SourceVersion "1"]
[SourceVersionDate "2012.10.19"]
[SourceQuality "1"]

1. e4 e5 2. Nf3 Nc6 3. Bc4 Bc5 4. d3 Nf6 5. h3 d6 6. Nc3 Be6 7. Bxe6 fxe6 8. Bg5 Qe7 9. Qd2 a6 10. Na4 Ba7 11. Qc3 0-0 12. a3 Nd4 13. Nxd4 exd4 14. Qd2 b5 15. Nc5 Bxc5 16. 0-0 Qf7 17. b4 Bb6 18. Rae1 e5 19. Re2 a5 20. Rfe1 Qa2 21. f4 Qxa3 22. fxe5 dxe5 23. Rf1 Qxb4 24. Qd1 Qd6 25. Rf3 a4 26. Qf1 a3 27. Re1 Ba5 28. Ra1 Bc3 29. Ra2 Nd7 30. Bc1 b4 0-1

[Event "Attica-ch U16 Girls"]
[Site "Peristeri"]
[Date "2012.04.21"]
[Round "6"]
[White "Dalli, Eleni"]
[Black "Douni, Aspasia"]
[Result "0-1"]
[WhiteElo "1452"]
[BlackElo "1485"]
[PlyCount "140"]
[EventDate "2012.04.17"]
[EventType "tourn"]
[EventRounds "7"]
[EventCountry "GRE"]
[SourceTitle "EXT 2024"]
[Source "ChessBase"]
[SourceDate "2023.10.10"]
[SourceVersion "1"]
[SourceVersionDate "2023.10.10"]
[SourceQuality "1"]

1. d4 Nf6 2. Nf3 g6 3. Bf4 Bg7 4. e3 d5 5. c4 0-0 6. Be2 c5 7. Nc3 a6 8. Rc1 Qa5 9. 0-0 dxc4 10. Qa4 Qxa4 11. Nxa4 Nd5 12. dxc5 Nxf4 13. exf4 Bg4 14. Rxc4 Be6 15. Rb4 Ra7 16. Re4 Nc6 17. Bc4 Bf5 18. Re3 Rd8 19. h3 h5 20. b3 Rd7 21. Nb6 Rd8 22. Ree1 Bc2 23. Re2 Bd1 24. Re3 e6 25. Be2 Bc2 26. Rc1 Nb4 27. Ne5 f6 28. Ned7 Bf5 29. g4 hxg4 30. hxg4 Bh6 31. Nxf6+ Kf7 32. g5 Bg7 33. a3 Nc2 34. Rc3 Nxa3 35. Nbd7 Bxf6 36. Nxf6 Rd2 37. Bf3 Nb5 38. Re3 Nd4 39. Rd1 Nxf3+ 40. Rxf3 Rxd1+ 41. Kh2 Ra8 42. Rc3 Rh8+ 43. Kg2 Rdh1 44. f3 Rd1 45. Kf2 Rhh1 46. Rc4 Rde1 47. Rd4 Rd1 48. Rb4 Rhf1+ 49. Ke3 Rd3+ 50. Ke2 Rfxf3 51. Rxb7+ Kf8 52. c6 e5 53. Nd7+ Ke8 54. Nxe5 Rfe3+ 55. Kf2 Rxe5 56. fxe5 Kd8 57. Ke2 Rd5 58. Kf3 Rxe5 59. Ra7 Bc8 60. Kf4 Rf5+ 61. Kg4 Rf7+ 62. Rd7+ Bxd7+ 63. cxd7 Kxd7 64. Kg3 Ke6 65. b4 Rb7 66. b5 axb5 67. Kf3 b4 68. Ke2 b3 69. Kf3 b2 70. Kf4 b1Q 0-1

[Event "Attica-ch U16 Girls"]
[Site "Peristeri"]
[Date "2012.04.18"]
[Round "3"]
[White "Tsoukaraki, Athina"]
[Black "Dalli, Eleni"]
[Result "0-1"]
[WhiteElo "1467"]
[BlackElo "1452"]
[PlyCount "104"]
[EventDate "2012.04.17"]
[EventType "tourn"]
[EventRounds "7"]
[EventCountry "GRE"]
[SourceTitle "EXT 2024"]
[Source "ChessBase"]
[SourceDate "2023.10.10"]
[SourceVersion "1"]
[SourceVersionDate "2023.10.10"]
[SourceQuality "1"]

1. e4 e5 2. Nf3 Nc6 3. Nc3 Nf6 4. Bc4 Nxe4 5. Nxe4 d5 6. Bxd5 Qxd5 7. Nc3 Qe6 8. d3 Bc5 9. Be3 Bb6 10. Bxb6 axb6 11. Qe2 0-0 12. 0-0 Qd6 13. Rfe1 Bg4 14. Qe4 Bxf3 15. Qxf3 Nd4 16. Qd1 Qc5 17. Qd2 f5 18. Re3 Rf6 19. Rae1 Rg6 20. Kf1 Re8 21. a3 Qc6 22. f4 Rge6 23. Rxe5 Rxe5 24. Rxe5 Rxe5 25. fxe5 Qe6 26. Qf4 c5 27. Ne2 Nxc2 28. Kf2 Qd5 29. Qc4 Qxc4 30. dxc4 Kf7 31. Nf4 g5 32. Nd3 Ke6 33. Kf3 Nd4+ 34. Ke3 Nc6 35. Kd2 Nxe5 36. Nf2 Nxc4+ 37. Kc3 Ne3 38. g3 b5 39. Nd3 Kd5 40. h4 h6 41. hxg5 hxg5 42. Nf2 Nf1 43. g4 Ne3 44. gxf5 Nxf5 45. Kd3 Ke5 46. Ke2 Kd4 47. Kf3 Ne3 48. Kg3 Nc4 49. Nd1 Kd3 50. Nf2+ Kc2 51. Ne4 b6 52. Nc3 Kxb2 0-1

[Event "West Attica-ch U16 7th"]
[Site "Karpenisi"]
[Date "2011.09.10"]
[Round "6.2"]
[White "Dalli, Eleni"]
[Black "Routsi, Alexandros"]
[Result "1-0"]
[WhiteElo "1462"]
[BlackElo "1025"]
[PlyCount "51"]
[EventDate "2011.09.06"]
[EventType "swiss"]
[EventRounds "6"]
[EventCountry "GRE"]
[SourceTitle "EXT 2024"]
[Source "ChessBase"]
[SourceDate "2023.10.10"]
[SourceVersion "1"]
[SourceVersionDate "2023.10.10"]
[SourceQuality "1"]

1. e4 e5 2. Nf3 Nc6 3. Nc3 a6 4. a3 Nf6 5. d4 exd4 6. Nxd4 Bc5 7. Be3 Qe7 8. Nf5 Qf8 9. Nxg7+ Qxg7 10. Bxc5 d6 11. Bd4 Nxd4 12. Qxd4 Rg8 13. 0-0-0 Qg5+ 14. Kb1 Be6 15. g3 Bg4 16. Be2 Bxe2 17. Nxe2 Nd7 18. f4 Qe7 19. Nc3 c6 20. Qxd6 Qxd6 21. Rxd6 0-0-0 22. e5 Rge8 23. Rhd1 Nb6 24. Rxd8+ Rxd8 25. Rxd8+ Kxd8 26. Ne4 1-0

[Event "West Attica-ch U16 7th"]
[Site "Karpenisi"]
[Date "2011.09.06"]
[Round "1.1"]
[White "Dalli, Eleni"]
[Black "Routsi, Theodoros"]
[Result "1-0"]
[WhiteElo "1462"]
[BlackElo "1005"]
[PlyCount "32"]
[EventDate "2011.09.06"]
[EventType "swiss"]
[EventRounds "6"]
[EventCountry "GRE"]
[SourceTitle "EXT 2024"]
[Source "ChessBase"]
[SourceDate "2023.10.10"]
[SourceVersion "1"]
[SourceVersionDate "2023.10.10"]
[SourceQuality "1"]

1. e4 e6 2. d4 d5 3. e5 c5 4. c3 Nc6 5. Nf3 Qb6 6. Bd3 Bd7 7. 0-0 cxd4 8. cxd4 Nxd4 9. Nxd4 Qxd4 10. Nc3 Qxe5 11. Re1 Qc7 12. Nxd5 Qc6 13. Bb5 Qd6 14. Bf4 Qc5 15. Rc1 Qxc1 16. Qxc1 Rc8 1-0

[Event "GRE-ch U14 Girls"]
[Site "Eretria"]
[Date "2011.06.29"]
[Round "7.4"]
[White "Dalli, Eleni"]
[Black "Prokopiou, Ekaterini"]
[Result "1-0"]
[WhiteElo "1449"]
[BlackElo "1510"]
[PlyCount "91"]
[EventDate "2011.06.25"]
[EventType "swiss"]
[EventRounds "9"]
[EventCountry "GRE"]
[SourceTitle "EXT 2024"]
[Source "ChessBase"]
[SourceDate "2023.10.10"]
[SourceVersion "1"]
[SourceVersionDate "2023.10.10"]
[SourceQuality "1"]

1. e4 d5 2. exd5 Qxd5 3. Nf3 Nf6 4. d4 a6 5. c4 Qd6 6. Nc3 Bg4 7. Be2 Nc6 8. Be3 e6 9. h3 Bh5 10. 0-0 Be7 11. Qd2 0-0 12. a3 Rad8 13. Rfd1 Bg6 14. Bd3 Bxd3 15. Qxd3 Rfe8 16. Na4 Qd7 17. Nc3 Bf8 18. Qc2 Na5 19. b3 Qe7 20. Ne5 Nd7 21. Nf3 Nf6 22. Bg5 c6 23. Ne5 b5 24. cxb5 cxb5 25. b4 Nc4 26. Nc6 Qb7 27. Nxd8 Rxd8 28. Bxf6 gxf6 29. Qe4 Qc7 30. d5 exd5 31. Nxd5 Qe5 32. Qxe5 fxe5 33. Nf6+ Kg7 34. Rxd8 Be7 35. Ra8 Bxf6 36. Rxa6 e4 37. Re1 Bb2 38. a4 bxa4 39. Rxa4 Bc3 40. Rxe4 Nd6 41. Rg4+ Kf8 42. Ra3 Be5 43. Ra5 Bf6 44. Rg3 Ke8 45. Ra7 Nb5 46. Rg8# 1-0